Las habilidades de lectura a nivel superior: el método y el manual, como instrumento del método (Record no. 71750)
[ view plain ]
| 000 -CABECERA | |
|---|---|
| campo de control de longitud fija | 00447nam a2200157 a 4500 |
| 005 - FECHA Y HORA DE LA ÚLTIMA TRANSACCIÓN | |
| campo de control | 20210223123942.0 |
| 008 - ELEMENTOS DE LONGITUD FIJA--INFORMACIÓN GENERAL | |
| campo de control de longitud fija | 991125n 000 0 spa u |
| 035 ## - NÚMERO DE CONTROL DEL SISTEMA | |
| Número de control de sistema | UPN01000085206 |
| 100 1# - ASIENTO PRINCIPAL--NOMBRE PERSONAL | |
| Nombre de persona | Argudín, Yolanda |
| 9 (RLIN) | 28744 |
| 222 ## - TÍTULO CLAVE | |
| Título clave | DIDAC |
| 245 ## - MENCIÓN DE TÍTULO | |
| Título | Las habilidades de lectura a nivel superior: el método y el manual, como instrumento del método |
| 300 ## - DESCRIPCIÓN FÍSICA | |
| Extensión | 38-40 |
| 362 ## - FECHAS DE PUBLICACIÓN Y/O DESIGNACIÓN SECUENCIAL | |
| Fecha de publicación y/o designación secuencial | 1994 No. 23 |
| 904 ## - ELEMENTOS DE DATOS D LOCAL, LDD (RLIN) | |
| a | AC |
| b | 023017 |
| 905 ## - TIPO DE MATERIAL | |
| Tipo de material | Articulo |
No items available.
